|
|
|
|
| LEADER |
00000cam a2200000 a 4500 |
| 001 |
vtls010578619 |
| 003 |
SK-MaSNL |
| 005 |
20260301090430.0 |
| 008 |
240318s2013 xo a g 000 1 slo |
| 015 |
|
|
|a SNBA2014/04
|
| 020 |
|
|
|a 9788089499243
|q (brož.)
|
| 035 |
|
|
|a 0B6CBB52-866D-4F08-8115-E23E0C8523C3
|
| 035 |
|
|
|a urn:nbn:sk:snk-amjogt
|
| 035 |
|
|
|a urn:nbn:sk:snk-am002kxq
|
| 040 |
|
|
|a SNK
|b slo
|c SNK
|e AACR2
|
| 041 |
1 |
|
|a slo
|h rus
|
| 044 |
|
|
|a xo
|c SK
|
| 072 |
|
7 |
|a 821.161.1.09
|x Ruská literatúra (o nej)
|2 konspekt
|
| 080 |
|
|
|a 821.161.1-1
|2 2001
|
| 080 |
|
|
|a 821.161.1-1-051
|2 2001
|
| 080 |
|
|
|a 82.09
|2 2001
|
| 080 |
|
|
|a (048.8)
|2 2001
|
| 100 |
1 |
|
|a Chlebnikov, Velimir,
|d 1885-1922
|4 aut
|9 154553
|
| 245 |
1 |
0 |
|a Fontána črepov
|c Velimir Chlebnikov ; [preložila: Naďa Čepanová ... [et al.] ; zostavil: Oleg Pastier]
|
| 250 |
|
|
|a 1. vyd.
|
| 260 |
|
|
|a Ivanka pri Dunaji
|b F. R. & G.
|c 2013
|
| 300 |
|
|
|a 235 s.
|b ilustr.
|c 19 cm
|
| 490 |
1 |
|
|a Knižná edícia časopisu Fragment 2013
|
| 504 |
|
|
|a Edičná pozn.
|
| 600 |
1 |
7 |
|a Chlebnikov, Velimir,
|d 1885-1922
|2 SNKMA
|9 154553
|
| 648 |
|
7 |
|a 19.-20. stor.
|2 SNKPH
|9 268609
|
| 648 |
|
7 |
|a 19th-20th centuries
|2 SNKPHeng
|9 282960
|
| 650 |
0 |
7 |
|a ruskí spisovatelia
|2 SNKPH
|9 3768
|
| 650 |
0 |
7 |
|a Russian writers
|2 SNKPHeng
|9 292502
|
| 650 |
0 |
7 |
|a ruská poézia
|2 SNKPH
|9 66518
|
| 650 |
0 |
7 |
|a Russian poetry
|2 SNKPHeng
|9 292380
|
| 650 |
0 |
7 |
|a literárnovedné rozbory
|2 SNKPH
|9 241582
|
| 650 |
0 |
7 |
|a Literary criticism and history
|2 SNKPHeng
|9 270823
|
| 655 |
|
7 |
|a štúdie
|2 SNKPH
|9 57033
|
| 655 |
|
7 |
|a Studies
|2 SNKPHeng
|9 265573
|
| 700 |
1 |
|
|a Čepanová, Nadežda,
|d 1925-
|4 trl
|9 185957
|
| 700 |
1 |
|
|a Pastier, Oleg,
|d 1952-2018
|4 com
|9 176299
|
| 830 |
|
0 |
|a Knižná edícia časopisu Fragment 2013
|9 335735
|
| 852 |
|
|
|a Štátna vedecká knižnica v Banskej Bystrici
|
| 919 |
|
|
|a 978-80-89499-24-3
|
| 958 |
|
|
|a UP
|
| 958 |
|
|
|a LX
|
| 968 |
|
|
|b RUS
|
| 999 |
|
|
|c 668188
|d 670118
|
| 952 |
|
|
|a SNK
|b SNK
|y PREZ
|7 0
|p 17A1105409
|o snkSD 82949
|i snk2014/5772
|8 0
|0 0
|1 0
|4 0
|d 2014-02-28
|l 0
|r 2025-12-04 00:00:00
|w 2026-02-23
|
| 952 |
|
|
|a SNK
|b SNK
|y VYP
|7 0
|p 17A1105410
|o snkSD 82949 D1
|i snk2014/5773
|8 0
|0 0
|1 0
|4 0
|d 2014-02-28
|f 1
|l 0
|r 2017-06-30 00:00:00
|w 2026-02-23
|